000 00524nam a2200169 a 4500
001 34621
005 20180714002801.0
008 140415s1972 mx 000 0 spa d
020 _a9684340540
041 _aspa
082 _a320.0972061
_bHAM
245 0 0 _aHA MUERTO LA REVOLUCION MEXICANA?
250 _a2a ed.
260 _aMEXICO :
_bPREMIA EDITORA DE LIBROS,
_c1972, 1978
300 _a352
650 1 4 _aIDEOLOGIA
_xMEXICO
_xHISTORIA
_xREVOLUCION, 1910
_x1
_xSISTEMA POLITICO
_xMEXICO
_xHISTORIA
_xSIGLO XX
999 _c34621
_d34621